| 000 | 02106nam0a2200433 4500 | ||
|---|---|---|---|
| 001 | RU\NLR\bibl\943751 | ||
| 005 | 20250614195440.0 | ||
| 010 |
_a5-484-00364-4 _9400 |
||
| 021 |
_aRU _b2006-12359 _9605 |
||
| 035 | _a(nilc)RSL-KNO-002855813 | ||
| 035 | _a(NLR Aleph) 000931899 | ||
| 090 |
_a165212 _c165212 |
||
| 100 | _a20060331d2006 |||y0rusy50 ca | ||
| 101 | 1 |
_arus _cger |
|
| 102 | _aRU | ||
| 105 | _ay ||||||||| | ||
| 106 | _ar | ||
| 200 | 1 |
_aВведение в теоретическую физику _iМеханика деформируемых тел _dEinführung in die theoretisch Physik, II Einführuhg die Mechanika deformierbarer Korper _fПланк М. _gпод ред. Н. П. Кастерина _gпер. с нем. Л. Я. Штрума _zger |
|
| 205 | _aИзд. 3-е, стер. | ||
| 210 |
_aМосква _cURSS _cКомКнига _d2006 |
||
| 215 |
_a184 с. _cил. _d22 |
||
| 300 | _aАвт. также на нем. яз.: Max Planck | ||
| 300 | _aНа 4-й с. обл. авт.: М. Планк, физик-теоретик, Нобел. лауреат, чл.-корр. Петерб. АН, проф. | ||
| 313 | _aПредыдущее издание 1932 г. | ||
| 320 | _aУказ. определений и важнейших теорем: с. 183-184 | ||
| 510 | 1 |
_6z22790 _aEinführung in die theoretisch Physik, II Einführuhg die Mechanika deformierbarer Korper _zger |
|
| 606 | 1 |
_aМеханика твердых тел деформируемых _92089266 _3RU\NLR\auth\661264724 |
|
| 610 | 0 | _aФизико-математические науки -- Механика -- Механика сплошных сред -- Пособие для специалистов | |
| 686 |
_aВ25,07 _2rubbk |
||
| 686 | _aВ251 | ||
| 700 | 1 |
_aПланк _bМ. _f1858-1947 _gМакс _4070 |
|
| 790 | 1 |
_6z22510 _aPlanck _bM. _gMax _4070 |
|
| 801 | 0 |
_aRU _bРКП _c20060331 _grcr |
|
| 801 | 1 |
_aRU _bРГБ _c20060331 |
|
| 801 | 2 |
_aRU _bNLR _c20060505 _grcr |
|
| 942 | _cBOOK | ||
| 980 | _aNB | ||